| Tag |
First Indicator |
Second Indicator |
Subfields |
| LEADER |
00000cas a22000007a 4500 |
| 001 |
in00002596821 |
| 005 |
20151201151824.0 |
| 006 |
m d |
| 007 |
cr ||||||||||| |
| 008 |
081223c20089999cau x mss 0 a0eng |
| 010 |
|
|
|a 2008201218
|
| 022 |
0 |
|
|a 1945-9750
|y 1945-9742
|l 1945-9742
|2 1
|
| 035 |
|
|
|a (OCoLC)ocn291091681
|
| 035 |
|
|
|a (OCoLC)291091681
|
| 037 |
|
|
|b Morgan & Claypool Publishers, 1537 Fourth St., Suite 228, San Rafael, CA 94901
|c $35.00 - $45.00 (single issue)
|
| 040 |
|
|
|a DLC
|c DLC
|d NSD
|d OCLCQ
|d TXA
|d UtOrBLW
|
| 042 |
|
|
|a pcc
|a nsdp
|
| 049 |
|
|
|a TXAM
|
| 050 |
1 |
4 |
|a QA76.9.A25
|b S978 Electronic
|
| 082 |
1 |
0 |
|a 005
|2 14
|
| 210 |
0 |
|
|a Synth. lect. inf. secur. priv. trust
|b (Online)
|
| 222 |
|
0 |
|a Synthesis lectures on information security, privacy, and trust
|b (Online)
|
| 245 |
0 |
0 |
|a Synthesis lectures on information security, privacy, and trust.
|
| 264 |
|
1 |
|a San Rafael, CA :
|b Morgan & Claypool Publishers,
|c [2008-]
|
| 264 |
|
4 |
|c ©2008-
|
| 310 |
|
|
|a Irregular
|
| 336 |
|
|
|a text
|b txt
|2 rdacontent
|
| 337 |
|
|
|a computer
|b c
|2 rdamedia
|
| 338 |
|
|
|a online resource
|b cr
|2 rdacarrier
|
| 362 |
1 |
|
|a Began with: #1, published 2008.
|
| 500 |
|
|
|a Each issue has also a distinctive title.
|
| 500 |
|
|
|a Description based on; #1, published 2008; title from PDF title page verso (Morgan & Claypool Pub. website, viewed June 15, 2010).
|
| 500 |
|
|
|a Latest issue consulted: #2, published 2010 (viewed June 15, 2010).
|
| 500 |
|
|
|a Electronic resource.
|
| 650 |
|
0 |
|a Computer security.
|
| 650 |
|
0 |
|a Privacy, Right of.
|
| 650 |
|
0 |
|a Computer crimes
|x Prevention.
|
| 776 |
0 |
8 |
|i Print version:
|t Synthesis lectures on information security, privacy, and trust
|x 1945-9742
|w (DLC) 2008201217
|w (OCoLC)291091600
|
| 948 |
|
|
|a cataloged
|b h
|c 2010/6/15
|d c
|e spoltoratski
|f 9:50:47 am
|g CF
|
| 994 |
|
|
|a C0
|b TXA
|
| 999 |
|
|
|a MARS
|
| 999 |
f |
f |
|s cc373834-f6c2-31fe-9503-362ce6c4014f
|i 37ba90f6-cf0a-3728-a491-4c8db1bf30f8
|t 0
|
| 952 |
f |
f |
|a Texas A&M University
|b College Station
|c Electronic Resources
|d Available Online
|t 0
|e QA76.9.A25 S978
|g Electronic
|h Library of Congress classification
|
| 998 |
f |
f |
|a QA76.9.A25 S978
|t 0
|l Available Online
|